Face2face : Advanced student's book

Face2face is a six level general English course for adults and young adults. It goes from Starter level through to Advanced. The Student's Book provides approximately 80 hours of core teaching material, extendable to 120 hours using the photocopiable resources and extra ideas in the Teacher...

Celý popis

Uloženo v:
Podrobná bibliografie
Médium: Kniha
Jazyk:Undetermined
Vydáno: New York, US Cambridge University Press 2009
Témata:
Tagy: Přidat tag
Žádné tagy, Buďte první, kdo otaguje tento záznam!
Thư viện lưu trữ: Trung tâm Học liệu Trường Đại học Cần Thơ
LEADER 01113nam a2200217Ia 4500
001 CTU_207316
008 210402s9999 xx 000 0 und d
020 |c 165000 
082 |a 428.24 
082 |b F137/C1 
245 0 |a Face2face : 
245 0 |b Advanced student's book 
245 0 |c Gillie Cunningham, Jan Bell 
260 |a New York, US 
260 |b Cambridge University Press 
260 |c 2009 
520 |a Face2face is a six level general English course for adults and young adults. It goes from Starter level through to Advanced. The Student's Book provides approximately 80 hours of core teaching material, extendable to 120 hours using the photocopiable resources and extra ideas in the Teacher's Book. An interactive CD-ROM, packaged with the Student's Book, encourages learner autonomy with exercises in all language areas, video, games, customisable tests and a progress chart 
650 |a English language,English language,Tiếng Anh 
650 |x Sách giáo khoa cho người nước ngoài 
904 |i Tuyến 
980 |a Trung tâm Học liệu Trường Đại học Cần Thơ